Fundamentals of indian philosophy (Record no. 153506)

MARC details
000 -LEADER
fixed length control field 00612nam a22001937a 4500
005 - DATE AND TIME OF LATEST TRANSACTION
control field 20180706132828.0
010 ## - LCCN (DPL NO)
LC control number A-935221
020 ## - INTERNATIONAL STANDARD BOOK NUMBER
International Standard Book Number 8124600872
035 ## - SYSTEM CONTROL NUMBER
System control number A-935221
037 ## - SOURCE OF ACQUISITION
Source of stock number/acquisition D.K. Printworld (p) Ltd.
082 ## - DEWEY DECIMAL CLASSIFICATION NUMBER
Classification number 181.4
100 ## - MAIN ENTRY--PERSONAL NAME
Personal name Puligandla, R.
245 ## - TITLE STATEMENT
Title Fundamentals of indian philosophy
Statement of responsibility, etc R. Puligandla
260 ## - PUBLICATION, DISTRIBUTION, ETC. (IMPRINT)
Place of publication, distribution, etc New Delhi
Name of publisher, distributor, etc D.K. Printworld (p) Ltd.
Date of publication, distribution, etc 1997
270 ## - ADDRESS
Address Sri Kunj, F-52, Bali Nagar New Delhi 110015
City New Delhi
Postal code 110015
300 ## - PHYSICAL DESCRIPTION
Extent 362p.
Dimensions 21cm(hb)
942 ## - ADDED ENTRY ELEMENTS (KOHA)
Source of classification or shelving scheme Dewey Decimal Classification
Item type English Books
Classification part 181.4
Call number suffix PUL
Holdings
Withdrawn status Lost status Not for loan Collection code Home library Current library Date acquired Full call number Barcode Koha item type
      Non-fiction Sarojini Nagar Sarojini Nagar 06/07/2018 181.4 PUL A-935221 English Books

© Delhi Public Library
Hit Counter
free hit counter